| 000 | 00541nam a22001817i 4500 | ||
|---|---|---|---|
| 999 |
_c23575 _d23575 |
||
| 003 | AR-CdUCM | ||
| 008 | 260331b20212021 pe|a||| |||| 00| 0 spa d | ||
| 020 | _a978-612-48396-0-3 | ||
| 040 |
_aMUNICIPALIDAD PROVINCIAL DEL CUSCO _cBIBLIOTECA MUNICIPAL DEL CUSCO |
||
| 041 | _hspa | ||
| 082 |
_aPI / 863 _bG12 |
||
| 100 |
_aGago, Andrea _948426 |
||
| 245 | _aEl bolso de mamá / | ||
| 260 |
_aSurco-Lima Perú: _bPolifonia Editora GIO S.A.C. _c2021 |
||
| 300 |
_a24 páginas. : _c16x16 cm. |
||
| 942 |
_2ddc _cLIBROS |
||
| 945 |
_apbjr _d31-03-2026 |
||